| 000 | 00452nam a2200157 i 4500 | ||
|---|---|---|---|
| 001 | bg | ||
| 100 | 1 | _aNOWAK, M. | |
| 245 | 0 |
_aĆwiczenia laboratoryjne z chemii fizycznej. _nCz. 1, _pWłasności cieczy i równowagi fazowe / _cM. Nowak, J. Szopiński, A. Wójtowicz. |
|
| 260 |
_aKraków, _c1991. |
||
| 700 | 1 | _aSZOPIŃSKI, J. | |
| 700 | 1 | _aWÓJTOWICZ, A. | |
| 040 | _cBPK | ||
| 041 | _apol | ||
| 942 | _cKS | ||
| 008 | s pl f |000 0 pol | ||
| 999 |
_c4692 _d4692 |
||
| 856 |
_uhttp://koha.tu.koszalin.pl/cgi-bin/koha/opac-detail.pl?biblionumber=4692 _yKatalog online BPK |
||